00792nam a2200229 i 4500001001000000003000900010005001700019007000300036008004100039040003000080041000800110082002500118100005200143245009700195264005500292300002600347336002700373337003300400338002800433600005000461650005100511000017754DO-SdBNP20260525192155.0ta100331s1994 dr 000 0 spa d aDO-SdBNPbspacBNPHUerda aspa 4a923.47293bV476a2231 aVeras Toribio, Francisco Porfirio,eautor4aut.10aAutobiografía /cFrancisco Porfirio Veras Toribio ; presentación, Tamundo Amaro Guzmán 4aSanto Domingo, D.N.,bPublicaciones ONAP,c©1994. a73 páginas ;c22 cm atextobtxt2rdacontent asin mediaciónbn2rdamedia avolumenbnc2rdacarrier aVeras Toribio, Francisco Porfirio,d1908-2002 aAbogadosxBiografíaszRepública Dominicana